000 00427nam a2200169Ia 4500
008 260407s2024 xx 000 0 und d
041 _aeng
082 _a570/SHI
_b12039
100 _aDR.V.N.SHINDE
245 _aHERBAL DRUG TECHNOLOGY
250 _a8TH
260 _aPUNE
_bNIRALI PRAKASHAN
_c2024
300 _a13.29p
650 _aHERBAL DRUG TECHNOLOGY
650 _aPHARMACOGONOSY
700 _aMRS. K.S.BODAS YADAV
999 _c1219531
_d1219531